| 000 | 01011nam a22003257a 4500 | ||
|---|---|---|---|
| 003 | CHAP | ||
| 005 | 20220329134258.0 | ||
| 008 | 971013s1981 r 00010 d | ||
| 010 | _a18034 | ||
| 011 | _a19006 | ||
| 035 | _a23091 | ||
| 040 | _cCHAP | ||
| 082 |
_a664.1 _bD4 |
||
| 100 | 0 | 0 |
_aDelden, Edward. _931548 |
| 245 | _aStandard Fabrication practices for cane sugar mills | ||
| 260 |
_aAnsterdam : _bElsevier, _c1981 |
||
| 300 |
_a253 p. _b: ilus. |
||
| 490 |
_aSugar senes _v; 1 |
||
| 590 |
_aBATCH-UPD _b10 _c20130110 _lUCH01 _h0045 |
||
| 590 |
_aBATCH-UPD _b10 _c20130110 _lUCH01 _h2146 |
||
| 590 |
_aBATCH-UPD _b10 _c20130409 _lUCH01 _h2031 |
||
| 590 |
_aBATCH-UPD _b10 _c20130914 _lUCH01 _h0509 |
||
| 590 |
_aCONVERSION _b10 _c20130109 _lUCH01 _h1311 |
||
| 650 | 1 | 4 |
_aAzúcar _xFabricación y refinación. _99152 |
| 650 | 1 | 4 |
_aIngenios azucareros. _958308 |
| 830 | 0 |
_aSugar senes _v; 1 _9110593 |
|
| 901 | _aBK | ||
| 942 | _cLIBRO | ||
| 949 |
_a664.1 D4 _bBC _cLIBRO _d33724000115606 _eLIBRO _h58420 _i23091 _si |
||
| 999 |
_c18034 _d18034 |
||